Orbán Balázs történetfilozófiája
Elmentve itt :
| Szerző: | |
|---|---|
| Adatforrás: | Meister |
| Forrásdokumentuma: | Helikon. - 16 sz., 1990, 1; 3 p. |
| Nyelv: | magyar |
| Kulcsszavak: | művelődéstörténeti esszé ORBÁN Balázs KEMÉNY József |
| LEADER | 00418nab a2200145 i 4500 | ||
|---|---|---|---|
| 001 | bibPRO00008707 | ||
| 008 | 060524s1990 xx hun | ||
| 040 | |a Sz1 | ||
| 041 | |a hun | ||
| 100 | 1 | |a LÁSZLÓFFY Aladár | |
| 245 | 1 | 0 | |a Orbán Balázs történetfilozófiája |c LÁSZLÓFFY Aladár |
| 695 | |a művelődéstörténeti esszé | ||
| 695 | |a ORBÁN Balázs | ||
| 695 | |a KEMÉNY József | ||
| 773 | 0 | |t Helikon. - |g 16 sz., 1990, 1; 3 p. | |